[Event "Lipetsk Region-ch Rural"]
[Site "Lipetsk"]
[Date "2009.03.28"]
[Round "8"]
[White "Kosarev, Alexander"]
[Black "Grishchenko, Sergey E"]
[Result "0-1"]
[WhiteElo "2149"]
[BlackElo "2242"]
[PlyCount "40"]
[EventDate "2009.03.26"]
[EventType "swiss"]
[EventRounds "9"]
[EventCountry "RUS"]
[SourceTitle "EXT 2022"]
[Source "ChessBase"]
[SourceDate "2021.10.06"]
[SourceVersion "1"]
[SourceVersionDate "2021.10.06"]
[SourceQuality "1"]

1. d4 Nf6 2. c4 g6 3. Nc3 Bg7 4. e4 d6 5. f3 0-0 6. Be3 Nc6 7. Nge2 a6 8. Qd2 Rb8 9. Nc1 e5 10. dxe5 Nxe5 11. Be2 Be6 12. b3 b5 13. cxb5 axb5 14. Bxb5 d5 15. Bc5 dxe4 16. Bxf8 Qxf8 17. fxe4 Rxb5 18. Nxb5 Nxe4 19. Qa5 Nc6 20. Qxc7 Qb4+ 0-1

[Event "Lipetsk Region-ch Rural"]
[Site "Lipetsk"]
[Date "2009.03.27"]
[Round "5"]
[White "Grishchenko, Sergey E"]
[Black "Chesnokov, Vladimir"]
[Result "1/2-1/2"]
[WhiteElo "2242"]
[BlackElo "2033"]
[PlyCount "95"]
[EventDate "2009.03.26"]
[EventType "swiss"]
[EventRounds "9"]
[EventCountry "RUS"]
[SourceTitle "EXT 2022"]
[Source "ChessBase"]
[SourceDate "2021.10.06"]
[SourceVersion "1"]
[SourceVersionDate "2021.10.06"]
[SourceQuality "1"]

1. e4 c6 2. d4 d5 3. Nc3 dxe4 4. Nxe4 Bf5 5. Ng3 Bg6 6. h4 h6 7. Nf3 Nd7 8. h5 Bh7 9. Bd3 Bxd3 10. Qxd3 e6 11. Bf4 Ngf6 12. 0-0-0 Nd5 13. Bd2 Bd6 14. Ne4 Be7 15. c4 N5f6 16. Bc3 Nxe4 17. Qxe4 a5 18. d5 cxd5 19. cxd5 Nf6 20. Qa4+ Qd7 21. Qxd7+ Nxd7 22. dxe6 fxe6 23. Bxg7 Rg8 24. Bxh6 Rxg2 25. Be3 Bc5 26. Bxc5 Nxc5 27. h6 Ke7 28. Ne5 Rf8 29. f3 Rc8 30. Kb1 Kf6 31. f4 Na4 32. Nd3 Kg6 33. h7 Kg7 34. Ne5 Rxb2+ 35. Ka1 Rxa2+ 36. Kxa2 Nc3+ 37. Kb3 Nxd1 38. Rxd1 Kxh7 39. Rd7+ Kh6 40. Rxb7 Rf8 41. Nd3 Kg6 42. Ra7 Rd8 43. Kc4 Rd5 44. Ra8 Kf6 45. Rh8 Kg7 46. Rh4 a4 47. Rh1 a3 48. Ra1 1/2-1/2

[Event "Lipetsk Rating 16th"]
[Site "Lipetsk"]
[Date "2008.10.22"]
[Round "5"]
[White "Grishchenko, Sergey E"]
[Black "Novosadova, Kristyna"]
[Result "0-1"]
[WhiteElo "2241"]
[BlackElo "2262"]
[PlyCount "74"]
[EventDate "2008.10.18"]
[EventType "tourn"]
[EventRounds "9"]
[EventCountry "RUS"]
[SourceTitle "EXT 2022"]
[Source "ChessBase"]
[SourceDate "2021.10.06"]
[SourceVersion "1"]
[SourceVersionDate "2021.10.06"]
[SourceQuality "1"]

1. Nf3 c5 2. c4 Nf6 3. Nc3 g6 4. g3 Bg7 5. Bg2 0-0 6. 0-0 d5 7. cxd5 Nxd5 8. Qb3 Nb6 9. d3 Nc6 10. Ne4 c4 11. dxc4 Be6 12. Qc2 Bxc4 13. Rd1 Nb4 14. Qd2 Nxa2 15. Qe1 Qe8 16. Bf4 Bxb2 17. Ne5 Be6 18. Nc5 Nc3 19. Rd2 Qb5 20. Nxe6 fxe6 21. Rb1 Nxb1 22. Qxb1 Na4 23. Nd3 Rad8 24. Rxb2 Nxb2 25. Qxb2 Qxb2 26. Nxb2 b5 27. Nd3 a5 28. Bc7 Rxd3 29. exd3 a4 30. Be5 a3 31. Be4 a2 32. Bc6 b4 33. Bd7 Kf7 34. Bb2 Ra8 35. Ba1 Ra5 36. d4 Ra7 37. Bc6 Ra3 0-1

[Event "Voronezh op-A"]
[Site "Voronezh"]
[Date "2008.06.14"]
[Round "3"]
[White "Grishchenko, Sergey E"]
[Black "Rysbayeva, Aigerim"]
[Result "1-0"]
[WhiteElo "2390"]
[BlackElo "2164"]
[PlyCount "71"]
[EventDate "2008.06.12"]
[EventType "swiss"]
[EventRounds "9"]
[EventCountry "RUS"]
[SourceTitle "CBM 125 Extra"]
[Source "ChessBase"]
[SourceDate "2008.09.01"]
[SourceVersion "1"]
[SourceVersionDate "2008.09.01"]
[SourceQuality "1"]

1. d4 d5 2. Nf3 Nf6 3. c4 c6 4. Nc3 dxc4 5. e4 b5 6. e5 Nd5 7. Be2 Bf5 8. Nh4 Nxc3 9. bxc3 Be4 10. e6 Bd5 11. exf7+ Bxf7 12. Nf3 g6 13. 0-0 Bg7 14. Ng5 Bd5 15. Bg4 0-0 16. Be6+ Kh8 17. Qg4 Bf6 18. Re1 Bxe6 19. Nxe6 Qd7 20. Bh6 Re8 21. Qf4 Na6 22. g4 Kg8 23. g5 Bh8 24. Re3 Qd6 25. Qh4 Nc7 26. Rae1 Rac8 27. Bg7 Bxg7 28. Nxg7 Rf8 29. Rh3 h5 30. Nxh5 Kf7 31. Rf3+ Ke8 32. Nf6+ Kd8 33. Ne4 Rxf3 34. Nxd6 exd6 35. Qh8+ Kd7 36. Qg7+ 1-0

[Event "Voronezh op-A"]
[Site "Voronezh"]
[Date "2008.06.13"]
[Round "2"]
[White "Zablotsky, Sergei"]
[Black "Grishchenko, Sergey E"]
[Result "1-0"]
[WhiteElo "2508"]
[BlackElo "2390"]
[PlyCount "79"]
[EventDate "2008.06.12"]
[EventType "swiss"]
[EventRounds "9"]
[EventCountry "RUS"]
[SourceTitle "CBM 125 Extra"]
[Source "ChessBase"]
[SourceDate "2008.09.01"]
[SourceVersion "1"]
[SourceVersionDate "2008.09.01"]
[SourceQuality "1"]

1. Nf3 d5 2. g3 Nf6 3. Bg2 Bf5 4. 0-0 e6 5. d3 Be7 6. Nc3 c5 7. e4 Bg6 8. exd5 exd5 9. Ne5 Nc6 10. Re1 Nxe5 11. Rxe5 d4 12. Nd5 Nxd5 13. Rxd5 Qc8 14. Re5 f6 15. Re1 Qd7 16. Qe2 Kf7 17. Qf3 Rhe8 18. Qxb7 Qxb7 19. Bxb7 Bd6 20. Bd2 Rxe1+ 21. Rxe1 Rb8 22. Bd5+ Kf8 23. b3 Re8 24. Rxe8+ Kxe8 25. Kg2 h5 26. h3 f5 27. Kf3 Bf7 28. Bc6+ Ke7 29. h4 Be5 30. Bf4 Bd6 31. Bb7 g6 32. a3 Be8 33. Ba6 Bc6+ 34. Ke2 Bxf4 35. gxf4 Bd5 36. Kd2 Bc6 37. b4 Kd6 38. Bc4 a5 39. bxc5+ Kxc5 40. Bf7 1-0

[Event "Voronezh op-A"]
[Site "Voronezh"]
[Date "2008.06.12"]
[Round "1"]
[White "Grishchenko, Sergey E"]
[Black "Stetsko, Lanita"]
[Result "1-0"]
[WhiteElo "2390"]
[BlackElo "1994"]
[PlyCount "53"]
[EventDate "2008.06.12"]
[EventType "swiss"]
[EventRounds "9"]
[EventCountry "RUS"]
[SourceTitle "CBM 125 Extra"]
[Source "ChessBase"]
[SourceDate "2008.09.01"]
[SourceVersion "1"]
[SourceVersionDate "2008.09.01"]
[SourceQuality "1"]

1. d4 d5 2. c4 c6 3. Nc3 Nf6 4. Nf3 dxc4 5. e4 b5 6. e5 Nd5 7. Be2 e6 8. 0-0 Be7 9. Ne4 0-0 10. b3 c3 11. a3 Nd7 12. Bd3 Qa5 13. Nfg5 f5 14. Qh5 h6 15. Nxe6 Rf7 16. Qg6 Nf8 17. Nxf8 Kxf8 18. Nd6 Bxd6 19. Qxd6+ Kg8 20. Qxc6 Bb7 21. Qxb5 Qb6 22. Qxb6 axb6 23. Bc4 Kf8 24. a4 Rc7 25. Ba3+ Ke8 26. Rfe1 Nf4 27. e6 1-0

[Event "Lipetsk Region-ch Rural"]
[Site "Lipetsk"]
[Date "2008.03.16"]
[Round "6"]
[White "Karpov, Vladimir"]
[Black "Grishchenko, Sergey E"]
[Result "1/2-1/2"]
[WhiteElo "2274"]
[BlackElo "2223"]
[PlyCount "79"]
[EventDate "2008.03.11"]
[EventType "swiss"]
[EventRounds "9"]
[EventCountry "RUS"]
[SourceTitle "EXT 2022"]
[Source "ChessBase"]
[SourceDate "2021.10.06"]
[SourceVersion "1"]
[SourceVersionDate "2021.10.06"]
[SourceQuality "1"]

1. Nf3 Nf6 2. g3 g6 3. Bg2 Bg7 4. d4 0-0 5. 0-0 d6 6. c4 Nc6 7. Nc3 a6 8. b3 Rb8 9. Bb2 b5 10. d5 Na7 11. cxb5 axb5 12. a3 c5 13. Nd2 Qc7 14. b4 Bd7 15. Rc1 Qb6 16. h3 Rfc8 17. e3 Rc7 18. Ne2 Ne8 19. Bxg7 Nxg7 20. Qb3 Rbc8 21. Qb2 Ne8 22. g4 cxb4 23. axb4 Rxc1 24. Rxc1 Rxc1+ 25. Qxc1 Qc7 26. Qb2 Nc8 27. Qc3 Nb6 28. Qxc7 Nxc7 29. Nc3 Na4 30. Ne2 h6 31. f4 g5 32. fxg5 hxg5 33. Kf2 Kg7 34. e4 e6 35. Ke3 exd5 36. exd5 f5 37. gxf5 Bxf5 38. Nd4 Kf6 39. Ne4+ Bxe4 40. Bxe4 1/2-1/2

[Event "Voronezh op 8th"]
[Site "Voronezh"]
[Date "2004.06.17"]
[Round "6"]
[White "Lukovnikov, Alexander"]
[Black "Grishchenko, Sergey E"]
[Result "1-0"]
[WhiteElo "2348"]
[BlackElo "2203"]
[PlyCount "49"]
[EventDate "2004.06.12"]
[EventType "swiss"]
[EventRounds "9"]
[EventCountry "RUS"]
[SourceTitle "EXT 2005"]
[Source "ChessBase"]
[SourceDate "2004.11.15"]
[SourceVersion "1"]
[SourceVersionDate "2004.11.15"]
[SourceQuality "1"]

1. e4 e5 2. Nf3 Nc6 3. Bb5 a6 4. Ba4 Nf6 5. Bxc6 dxc6 6. d3 Bd6 7. Nbd2 Be6 8. b3 Nd7 9. Bb2 Qe7 10. 0-0 c5 11. Nc4 f6 12. Qd2 0-0-0 13. Rab1 g5 14. Ba3 h5 15. Na5 Nb6 16. Qc3 h4 17. b4 Na4 18. Qd2 g4 19. Ne1 g3 20. Nxb7 gxh2+ 21. Kxh2 Bxa2 22. bxc5 Bxc5 23. Qa5 Bxb1 24. Qxa6 Kb8 25. Na5 1-0